|
|
|
|
| LEADER |
01187nam a22002777a 4500 |
| 001 |
9491 |
| 003 |
BD-DhAAL |
| 005 |
20250812102745.0 |
| 008 |
250811t2003 bg a|||| |||| 00| 0 eng d |
| 040 |
|
|
|a BD-DhAAL
|d BD-DhAAL
|
| 082 |
|
|
|a 332.10917671
|2 20
|
| 245 |
|
|
|a Text book on Islamic banking /
|c A. S. M. Fakrul Ahsan ... [et al.].
|
| 250 |
|
|
|a First edition.
|
| 260 |
|
|
|a Dhaka :
|b Islamic Economic Research Bureau,
|c c2003.
|
| 300 |
|
|
|a xxvi, 533, [7] pages :
|b illustrations ;
|c 26 cm.
|
| 650 |
|
|
|a Banks and banking
|x Islamic countries.
|9 59003
|
| 650 |
|
|
|a Banks and banking
|x Religious aspects
|x Islam.
|9 58999
|
| 650 |
|
|
|a Banking law (Islamic law).
|9 58999
|
| 650 |
|
|
|a Interest
|z Islamic countries.
|9 59004
|
| 700 |
|
|
|a Akkas, S. M. Ali.
|9 59000
|
| 700 |
|
|
|a Bhuyan, A. R.
|9 59001
|
| 700 |
|
|
|a Hassan, M. Kabir.
|9 59002
|
| 942 |
|
|
|2 ddc
|c BK
|
| 999 |
|
|
|c 47371
|d 47371
|
| 952 |
|
|
|0 0
|1 0
|2 ddc
|4 0
|6 332_109176710000000_TEX
|7 0
|9 78006
|a BRACUL
|b BRACUL
|c GEN
|d 2025-08-11
|l 0
|o 332.10917671 TEX
|p 3010009491
|r 2025-08-11
|t 1
|w 2025-08-11
|y BK
|
| 952 |
|
|
|0 0
|1 0
|2 ddc
|4 0
|6 332_109176710000000_TEX
|7 0
|9 78007
|a BRACUL
|b BRACUL
|c GEN
|d 2025-08-11
|l 0
|o 332.10917671 TEX
|p 3010009492
|r 2025-08-11
|t 1
|w 2025-08-11
|y BK
|